The traits of writing a big classroom reference guide / (Record no. 35174)
[ view plain ]
| 000 -LEADER | |
|---|---|
| fixed length control field | 00609nam a22002057a 4500 |
| 003 - CONTROL NUMBER IDENTIFIER | |
| control field | OSt |
| 005 - DATE AND TIME OF LATEST TRANSACTION | |
| control field | 20140310184528.0 |
| 008 - FIXED-LENGTH DATA ELEMENTS--GENERAL INFORMATION | |
| fixed length control field | 131024t xxu||||| |||| 00| 0 eng d |
| 020 ## - INTERNATIONAL STANDARD BOOK NUMBER | |
| International Standard Book Number | 043979420X |
| 050 ## - LIBRARY OF CONGRESS CALL NUMBER | |
| Classification number | LB 1528 |
| Item number | .C967 2006 |
| 100 ## - MAIN ENTRY--PERSONAL NAME | |
| Personal name | Culham, Ruth. |
| 9 (RLIN) | 2192 |
| 245 ## - TITLE STATEMENT | |
| Title | The traits of writing a big classroom reference guide / |
| Statement of responsibility, etc | Ruth Culham. |
| 260 ## - PUBLICATION, DISTRIBUTION, ETC. (IMPRINT) | |
| Place of publication, distribution, etc | New York : |
| Name of publisher, distributor, etc | Scholastic Inc., |
| Date of publication, distribution, etc | 2006. |
| 300 ## - PHYSICAL DESCRIPTION | |
| Extent | 27 p. : |
| Other physical details | col. ill. ; |
| Dimensions | 57 cm. |
| 521 ## - TARGET AUDIENCE NOTE | |
| Target audience note | |
| 526 ## - STUDY PROGRAM INFORMATION NOTE | |
| Reading level | 540 |
| 650 ## - SUBJECT ADDED ENTRY--TOPICAL TERM | |
| Topical term or geographic name as entry element | Education |
| General subdivision | Traits |
| -- | Writing |
| -- | Classroom reference guide. |
| 9 (RLIN) | 30448 |
| 942 ## - ADDED ENTRY ELEMENTS (KOHA) | |
| Source of classification or shelving scheme | Library of Congress Classification |
| Koha item type | |
| Withdrawn status | Lost status | Source of classification or shelving scheme | Damaged status | Home library | Current library | Shelving location | Date acquired | Source of acquisition | Total Checkouts | Full call number | Barcode | Date last seen | Copy number | Price effective from | Koha item type | Public note |
|---|---|---|---|---|---|---|---|---|---|---|---|---|---|---|---|---|
| Withdrawn | Library of Congress Classification | Luxembourg Library | Luxembourg Library | Scholastic Reading Center Section | 10/24/2013 | Donation | LB 1528 .C967 2006 | LEX3009 | 04/18/2017 | 1 | 10/24/2013 | Books | For inventory: Not found in inventory AY 17-18 |